000 01335naa a22003137a 4500
001 BR9211982
003 BR-BrBNA
005 20250721155422.0
007 ta
008 250630b bl.|||m| |||| 00| 0 por d
040 _aBR-BrBNA
_bpor
_cBiblioteca Nacional de Agricultura
041 _a(Pt)
072 _aH20
_b0180
_b4120
090 _aH20 BR9211982
100 1 _aPicinini, E.C.
100 1 _aPrestes, A.M.
100 1 _aFernandes, J.M.C.
111 1 _a15. Reuniao Nacional de Pesquisa de Trigo
_cPasso Fundo, Rs (Brazil)
_d19-23 Sep 1988
245 1 _aControle de doencas da parte aerea do trigo pelo uso de oleo vegetal associado a fungicida
500 _aResultados de pesquisa do Centro Nacional de Pesquisa de Trigo apresentados na 15. Reuniao Nacional de Pesquisa de Trigo Passo Fundo, RS (Brasil): 1988. p. 113-120 [Summary (Pt); 9 ref.] (BR9211982-AMS)
773 0 _tResultados de pesquisa do Centro Nacional de Pesquisa de Trigo apresentados na 15. Reuniao Nacional de Pesquisa de Trigo
_wH20 BR9211982
_gPasso Fundo, RS (Brasil), 1988. p. 113-120
650 _aTRIGO
650 _aFERRUGEM
650 _aFUNGICIDA
650 _aOLEO VEGETAL
490 _aDocumentos - Centro Nacional de Pesquisa de Trigo (Brazil)
_vno. 12
_xISSN 0101-6644
942 _cAMS
_2AGRIS
909 _a202506
_bLúcia
_c55
_dLúcia Elande
999 _c336389
_d336389